00322nam a2200145Ia 45000030006000000050017000060080041000230400009000640410012000730820016000851000019001012450013001202500007001332600036001400Nust20170105110254.0161124s9999 xx 000 0 und d cIGIS aEnglish a515.15bWEI aMaurice D Wier aCalculus a11 aIndiabDorling Kindersleyc2008